000 00377 a2200145 4500
005 20250414075313.0
020 _a0-7195-4346-0
082 _a657 WHI
100 _aWHITEHEAD, G.
245 _aSuccess in Principles of Accounting
250 _a2nd Ed.
260 _aLondon,
_bJohn Murray,
_c1992.
300 _axiv, 450p.: ill.; figure, table.
_bIndex.
_c22cm.
942 _2ddc
_cBKS
999 _c1357
_d1357